Možnosti uplatnenia behaviorálnych financií pri ohodnocovaní bánk

Ohodnocovanie bánk ako vysoko špecializovaná činnosť, ktorú nie je možné vykonávať mechanickým spôsobom, ale vyžaduje si špeciálny prístup ku každému jednotlivému subjektu osobitne, a to podľa špecifických podmienok a osobitostí jednotlivých prípadov. Chyby pri ohodnocovaní.

Saved in:
Bibliographic Details
Main Author: Horvátová, Eva, 1958-
Other Authors: Kurej, František, 1961-
Format: Book Chapter
Language:Slovak
Subjects:
Tags: Add Tag
No Tags, Be the first to tag this record!

MARC

LEADER 00000nla a2200000 4500
001 0158292
005 20240502072746.2
041 0 |a slo 
044 |a SK 
245 1 0 |a Možnosti uplatnenia behaviorálnych financií pri ohodnocovaní bánk  |c Eva Horvátová, František Kurej 
520 |a Ohodnocovanie bánk ako vysoko špecializovaná činnosť, ktorú nie je možné vykonávať mechanickým spôsobom, ale vyžaduje si špeciálny prístup ku každému jednotlivému subjektu osobitne, a to podľa špecifických podmienok a osobitostí jednotlivých prípadov. Chyby pri ohodnocovaní. 
610 2 0 |a oceňovanie 
610 2 0 |a investori 
610 2 0 |a sadzby úrokové 
610 2 0 |a inštitúcie finančné 
610 2 0 |a aktíva 
610 2 0 |a banky 
100 1 |a Horvátová, Eva, 1958- 
700 1 |a Kurej, František, 1961-